Spatial conservation prioritization : (Registro nro. 7314)

Detalles MARC
000 -CABECERA
Campo de control 00969nam a22002537a 4500
005 - FECHA Y HORA DE LA ULTIMA TRANSACCION
Campo de control 20131019020004.0
008 - ELEMENTOS DE LONGITUD FIJA—INFORMACION GENERAL
Campo de control 130618b2009 xxu||||| |||| 00| 0 eng d
016 ## - NATIONAL BIBLIOGRAPHIC AGENCY CONTROL NUMBER
Record control number 9780199547760
016 ## - NATIONAL BIBLIOGRAPHIC AGENCY CONTROL NUMBER
Record control number 9780199547777
040 ## - FUENTE DE CATALOGACIÓN
Agencia catalogadora original IAVH
Agencia transcriptora IAVH
082 ## - NUMERO DE CLASIFICACION DECIMAL DEWEY
Número de clasificación 333.7201
Número del ítem M712s
245 00 - MENCION DE TITULO
Título Spatial conservation prioritization :
Parte restante del título quantitative methods and computational tools /
Mención de responsabilidad editado por Atte Moilane, Kerrie A Wilson y Hugh P. Possingham
260 ## - PUBLICACION, DISTRIBUCION, ETC. (PIE DE IMPRENTA)
Lugar de publicación, distribución, etc. Oxford;
-- New York :
Nombre del editor, distribuidor, etc. Oxford University Press,
Fecha de publicación, distribución, etc. c2009
300 ## - DESCRIPCION FISICA
Extensión xxi, 304 p. :
Otros detalles físicos il., mapas ;
Dimensiones 25 cm.
504 ## - NOTA DE BIBLIOGRAFIA, ETC.
Nota de bibliografía Incluye referencias bibliográficas e índice
650 #0 - ASIENTO SECUNDARIO DE MATERIA - TERMINO TEMATICO
Término temático o nombre geográfico como elemento de entrada Conservación de los recursos naturales
Subdivisión general Modelos matemáticos
650 #0 - ASIENTO SECUNDARIO DE MATERIA - TERMINO TEMATICO
Término temático o nombre geográfico como elemento de entrada Ecología
Subdivisión general Modelos matemáticos
700 1# - ASIENTO SECUNDARIO - NOMBRE PERSONAL
Nombre personal Moilanen, Atte
700 1# - ASIENTO SECUNDARIO - NOMBRE PERSONAL
Nombre personal Wilson, Kerrie A.
700 1# - ASIENTO SECUNDARIO - NOMBRE PERSONAL
Nombre personal Possingham, Hugh P.
Forma más completa del nombre Hugh Philip
942 ## - ELEMENTOS ADICIONALES (KOHA)
Sistema de clasificación Dewey Decimal Classification
Tipo de ítem
Koha issues (borrowed), all copies 2
Existencias
Withdrawn status Lost status Sistema de Clasificación Damaged status No para préstamo Colección Inventariado Ubicación Permanente Ubicación actual Fecha de adquisición Fuente de Valor Valor Total Checkouts Número topográfico Inventario / Código de Barras Date last seen Date checked out Ejemplar Price effective from Tipo de material
    Dewey Decimal Classification     General Inventariado 2017 Bogotá Bogotá 18/06/2013 Instituto 39000.00 2 LB 333.7201 M712s 029650 05/01/2015 18/10/2013 Ej. 1 18/06/2013 Libro